01978nam a2200301 u 4500001000800000005001700008007001000025008004100035035001200076040001300088041000800101080000800109100004100117245013100158260004300289300001700332500009100349520097100440650004501411650001601456650001601472650002401488650001701512700004501529856008201574502001201656526000801668142746320240129080857.0cr|||||||151119s2015 spa  a1427463 ccomduadb aspa aPIN10aCampo Torres, Karol Liseth4auteaut10aPropuesta de implementación del ciclo DMAIC para la fabricación de mosaicos importados en Colcerámica planta La Estrella aMedellín :b[sin publicador],c2015. a48 páginas aClasificación: PIN 09855, Centro de Documentación de Ingeniería -Cendoi, 20-146.3 aUno de los factores más importantes dentro de las empresas manufactureras o de transformación y sobre el cual se requiere un mayor cuidado para su gestión, son los inventarios; el presente informe describe la forma como haciendo uso de la metodología de mejoramiento DMAIC de Lean Seis Sigma se desplegó la fabricación de nueve propuestas de mosaicos que permitieran sustituir los que hoy se importan de China, esto apuntando no solo a la disminución de los niveles de inventarios sino también a atender de manera oportuna las variaciones de la demanda. Para esto se desarrollaron nuevos propuestas, que implicaron el uso de nuevos materiales, nuevas técnicas, mejoras en procesos ya existentes, además de la capacitación en la metodología empleada, conocimientos debidamente documentados que posibilitaron la entrega de dos mosaicos al Área comercial que lograron el costo objetivo y una puerta abierta al desarrollo de nuevos productos. aSeis sigma (Norma de control de calidad) aIndicadores aInventarios 7aProducción2embne 7aCostos2lemb10aCorrea Puerta, Claudia Sofía4thseths4 uhttps://drive.google.com/file/d/0BwecnWVz7HZodS1GbjRNWXJsNHc/view?usp=sharing b174c17 a176